| 000 | 01434nam a22003137a 4500 | ||
|---|---|---|---|
| 001 | 8175 | ||
| 003 | FISKH | ||
| 005 | 20260428100746.0 | ||
| 008 | 250901b cb ||||| |||| 00| 0 eng d | ||
| 020 | _a9780462004693 | ||
| 040 |
_aFISKH _beng _cFISKH _dFISKH |
||
| 050 | _aPZ7 | ||
| 082 | _aF 808 SMI j | ||
| 100 |
_aSmith, Ben _eAuthor |
||
| 245 |
_aThe jungle boat ride / _cWritten by Ben Smith : Illustrated by Roger Harvey |
||
| 250 | _aFirst published 2008 | ||
| 260 |
_aLondon : _bMarshall Cavendish Limited , _c2008. |
||
| 300 |
_a16 pages : _bcolor illustrations ; _c16 X 19 cm . |
||
| 490 |
_aMy Pals Are Here ! Reading Stars : _v4d |
||
| 505 | _aJ | ||
| 520 | _aThe Jungle Boat Ride by The Jungle Boat Ride is a short children’s adventure story about a group of people taking a boat ride through a jungle river. During the trip, they see different jungle animals and experience exciting moments along the way. The story uses simple language and colorful descriptions to help young readers imagine the sights and sounds of the jungle while learning about nature and adventure. It is written for beginning readers in the My Pals Are Here! Reading Stars series, Level 4. | ||
| 521 | 8 |
_a500
_bLexile estimate |
|
| 521 | 8 |
_aJ
_bRaz-Plus |
|
| 650 |
_aJungle _vAdventure |
||
| 650 |
_aBoat ride _vAnimals |
||
| 700 |
_aHarvey, Roger _eIllustrator |
||
| 942 |
_2ddc _cBK _n0 |
||
| 999 |
_c8175 _d8175 |
||